Catálogo
 En Linea

El socialimperialismo : (Registro nro. 36581)

Detalles MARC
000 -CABECERA
campo de control de longitud fija 00640nam a2200181 a 4500
001 - NÚMERO DE CONTROL
campo de control 000037091
005 - FECHA Y HORA DE LA ÚLTIMA TRANSACCIÓN
campo de control 20200930080132.0
008 - DATOS DE LONGITUD FIJA--INFORMACIÓN GENERAL
campo de control de longitud fija 120213s1978 ve 000 0 spa d
040 ## - FUENTE DE LA CATALOGACIÓN
Centro catalogador/agencia de origen DO-SdBNP
Lengua de catalogación spa
Centro/agencia transcriptor BNPHU
082 ## - NÚMERO DE LA CLASIFICACIÓN DECIMAL DEWEY
Número de clasificación xxx
Número de documento/Ítem xxx
100 1# - ENTRADA PRINCIPAL--NOMBRE DE PERSONA
Nombre de persona Echague, Carlos
9 (RLIN) 63502
245 13 - MENCIÓN DE TÍTULO
Título El socialimperialismo :
Resto del título el otro imperialismo /
Mención de responsabilidad, etc. Carlos Echague ; prólogo Angel J. Marquez, Sergio Alvarez Puente.
260 ## - PUBLICACIÓN, DISTRIBUCIÓN, ETC.
Lugar de publicación, distribución, etc. Caracas :
Nombre del editor, distribuidor, etc. Ediciones Lucha de Clases,
Fecha de publicación, distribución, etc. 1978.
300 ## - DESCRIPCIÓN FÍSICA
Extensión 203 p. ;
Dimensiones 24 cm.
500 ## - NOTA GENERAL
Nota general Incluye notas al pie de páginas
700 1# - PUNTO DE ACCESO ADICIONAL--NOMBRE DE PERSONA
Nombre de persona Marquez, Angel J.,
Término indicativo de función/relación pról.
9 (RLIN) 63503
700 1# - PUNTO DE ACCESO ADICIONAL--NOMBRE DE PERSONA
Nombre de persona Alvarez Puente, Sergio,
Término indicativo de función/relación pról.
9 (RLIN) 63504
Existencias
Estado de retiro Estado de pérdida Restricciones de uso No para préstamo Código de colección Localización permanente Ubicación/localización actual Ubicación en estantería Fecha de adquisición Número de inventario Total de préstamos Signatura topográfica completa Código de barras Fecha visto por última vez Precio válido a partir de Tipo de ítem Koha
      Excluido de préstamo Monografías: Libros y Folletos General General En catalogación 13.02.2012 LF1   xxx xxx 37091-10 25.06.2020 25.06.2020 No se presta

Con tecnología Koha